Práca v zahraničí - Poľsko
Poľsko a hľadanie práce. Pracovné podmienky. Skúšobná doba. Ukončenie pracovného pomeru. Podnikanie v Poľsku. Sociálne zabezpečenie v Poľsku. Zdravotná starostlivosť. Rodinné prídavky, prídavky na deti. Nezamestnanosť. Niektoré užitočné stránky.
Na minha lista:
| Autor principal: | |
|---|---|
| Formato: | Capítulo de Livro |
| Idioma: | eslovaco |
| Assuntos: | |
| Tags: |
Sem tags, seja o primeiro a adicionar uma tag!
|
MARC
| LEADER | 00000naa a2200000 4500 | ||
|---|---|---|---|
| 001 | 0233312 | ||
| 005 | 20221104112038.2 | ||
| 041 | 0 | |a slo | |
| 044 | |a SK | ||
| 245 | 1 | 0 | |a Práca v zahraničí - Poľsko |c Radoslava Hažíková |
| 520 | |a Poľsko a hľadanie práce. Pracovné podmienky. Skúšobná doba. Ukončenie pracovného pomeru. Podnikanie v Poľsku. Sociálne zabezpečenie v Poľsku. Zdravotná starostlivosť. Rodinné prídavky, prídavky na deti. Nezamestnanosť. Niektoré užitočné stránky. | ||
| 610 | 2 | 0 | |a práca v zahraničí |
| 610 | 2 | 0 | |a vzťahy pracovnoprávne |
| 610 | 2 | 0 | |a podnikanie |
| 610 | 2 | 0 | |a zabezpečenie sociálne |
| 610 | 2 | 0 | |a poistenie sociálne |
| 610 | 2 | 0 | |a starostlivosť zdravotná |
| 610 | 2 | 0 | |a dávky poistenia nemocenského |
| 610 | 2 | 0 | |a Poľsko |
| 100 | 1 | |a Hažíková, Radoslava | |